'T' TV Shows by Cast Photo Quiz Stats

 Plays Quiz Updated Mar 17, 2018

Score 0/20 Timer 08:00
0 Plays Today
% Correct
That '70s Show
94.4%
Two and a Half Men
88.8%
Taxi
76.4%
Three's Company
74.1%
The Tudors
64.2%
True Blood
62.6%
That's So Raven
59.5%
The Tick
53.9%
Touched by an Angel
50.8%
True Detective
50.6%
% Correct
Top Gear
47.1%
Twin Peaks
46.3%
T.J. Hooker
44.8%
Tosh.0
43.8%
Transparent
41.6%
The Twilight Zone
36.9%
Trailer Park Boys
29.3%
Teen Wolf
25.6%
Torchwood
23.9%
Terra Nova
10.7%

You're not logged in!

Compare scores with friends on all Sporcle quizzes.
OR
Log In

You Might Also Like...

Show Comments

Extras

Top Quizzes Today


Score Distribution

Your Account Isn't Verified!

In order to create a playlist on Sporcle, you need to verify the email address you used during registration. Go to your Sporcle Settings to finish the process.

Report this User

Report this user for behavior that violates our Community Guidelines.

Details: